Wheater's functional histology : (Record no. 166923)

MARC details
000 -LEADER
fixed length control field 00896nam a2200289 a 4500
008 - FIXED-LENGTH DATA ELEMENTS--GENERAL INFORMATION
fixed length control field
020 ## - INTERNATIONAL STANDARD BOOK NUMBER
International Standard Book Number 0443056129 (paperback)
040 ## - CATALOGING SOURCE
Original cataloging agency NUST
Transcribing agency NUST
049 ## - LOCAL HOLDINGS (OCLC)
Holding library MAIN
090 ## - LOCALLY ASSIGNED LC-TYPE CALL NUMBER (OCLC); LOCAL CALL NUMBER (RLIN)
Classification number (OCLC) (R) ; Classification number, CALL (RLIN) (NR) QM551
Local cutter number (OCLC) ; Book number/undivided call number, CALL (RLIN) YOU
003 - CONTROL NUMBER IDENTIFIER
control field
005 - DATE AND TIME OF LATEST TRANSACTION
control field 20230123134508.0
100 1# - MAIN ENTRY--PERSONAL NAME
Personal name Young, Barbara.
245 10 - TITLE STATEMENT
Title Wheater's functional histology :
Remainder of title a text and colour atlas /
-- Barbara Young, John W. Heath.
246 30 - VARYING FORM OF TITLE
Title proper/short title Functional histology.
250 ## - EDITION STATEMENT
Edition statement Fouth Edition.
260 ## - PUBLICATION, DISTRIBUTION, ETC.
Place of publication, distribution, etc. Edinburgh :
Name of publisher, distributor, etc. Churchill Livingstone,
Date of publication, distribution, etc. 2000.
300 ## - PHYSICAL DESCRIPTION
Extent 413 p. :
Other physical details colour illustrations ;
Dimensions 30 cm.
336 ## - CONTENT TYPE
Content type term text
Content type code txt
Source rdacontent
337 ## - MEDIA TYPE
Media type term unmediated
Media type code n
Source rdamedia
338 ## - CARRIER TYPE
Carrier type term volume
Carrier type code nc
Source rdacarrier
500 ## - GENERAL NOTE
General note Includes index.
650 #2 - SUBJECT ADDED ENTRY--TOPICAL TERM
Topical term or geographic name entry element Histology
Form subdivision Atlases.
700 ## - ADDED ENTRY--PERSONAL NAME
Personal name Heath, John W.
907 ## - LOCAL DATA ELEMENT G, LDG (RLIN)
a .b10147147
b 02-09-21
c 18-01-05
942 ## - ADDED ENTRY ELEMENTS (KOHA)
Koha item type Ordinary Loan Books
Call number prefix QM551
Call number suffix YOU
Holdings
Date last seen Total Checkouts Full call number Barcode Cost, replacement price Price effective from Koha item type Lost status Source of classification or shelving scheme Damaged status Not for loan Collection Withdrawn status Home library Current library Shelving location Date acquired Cost, normal purchase price
01/23/2023 6 QM551 YOU 92004032452 80.00 01/23/2023 BOOKS   LCC     NFIC   MAIN MAIN GEN 01/23/2023 80.00